Statistics for Languages Most Similar to Serbian

Click here to take the quiz!

General Stats

  • This quiz has been taken 163 times
  • The average score is 9 of 10

Answer Stats

IndexLanguage% Correct
2,8Croatian
98%
2,8Russian
97%
8,8Bulgarian
94%
7,4Slovene
92%
11,1Macedonian
87%
10,5Slovak
87%
10,1Czech
84%
7,9Polish
84%
6,2Ukrainian
83%
10,2Belarusian
68%

Score Distribution

Percentile by Number Answered

Percent of People with Each Score

Your Score History

You have not taken this quiz